| 000 | 00876nam a2200265 i 4500 | ||
|---|---|---|---|
| 001 | 170041 | ||
| 003 | ES-MaACL | ||
| 005 | 20250823102324.0 | ||
| 008 | 090119s1991 fr |||| | fre d | ||
| 080 | _a78(44) | ||
| 245 | 0 | 0 |
_aMusette _b: recueil de 110 succès. |
| 260 |
_aParis : _bPaul Beuscher, _c[1991?] |
||
| 300 |
_a215 p. : _bmús. ; _c27 cm. |
||
| 490 | 1 |
_aMusette 110 succès ; _v3 |
|
| 500 | _aContiene música impresa. | ||
| 500 | _aÍndices. | ||
| 596 | _aEn cub.: Editions et Instruments. | ||
| 650 | 4 |
_aMúsica- _zFrancia. _915390 |
|
| 650 | 0 | 4 |
_aCanciones- _vPartituras. _910721 |
| 650 | 0 | 7 |
_aMúsica para acordeón _2embne _915412 |
| 650 | 0 | 4 |
_aCanciones francesas _910727 |
| 830 | 0 |
_aMusette 110 succès ; _v3 _9222946 |
|
| 852 | 4 |
_aES-MaACL _jE-12391 _9R.140595 _z. - Biblioteca Jacinto Martínez Lacalle |
|
| 999 |
_c170041 _d170041 |
||